000 00453nam a22001817a 4500
005 20251021112245.0
008 251021b |||||||| |||| 00| 0 eng d
020 _a9788120803657
040 _cILCL
041 _2eng
_aeng
084 _aR6v Q6
100 _aSharma, Chandradhar
_9848834
245 _aA Critical Survey of Indian Philosophy
250 _a1
260 _aDelhi
_bMotilal Banarasidass
_c2016
300 _a414p.
942 _2CC
_cTB
999 _c1464881
_d1464881